|
|
|
|
| LEADER |
00000nam a2200000 a 4500 |
| 001 |
vtls009282037 |
| 003 |
SK-MaSNL |
| 005 |
20260301023938.0 |
| 008 |
240315s2007 xo d 000 0 slo |
| 015 |
|
|
|a SNBA2008/04-01725
|
| 020 |
|
|
|a 9788080941222
|q (brož.)
|z 8080509581
|
| 035 |
|
|
|a F8D26A8C-4E6B-4611-AD39-6EF14E8C2E2E
|
| 035 |
|
|
|a urn:nbn:sk:snk-aml9l8
|
| 035 |
|
|
|a urn:nbn:sk:snk-am008rfv
|
| 040 |
|
|
|a SNK
|b slo
|c SNK
|e AACR2
|
| 041 |
0 |
|
|a slo
|
| 044 |
|
|
|a xo
|c SK
|
| 072 |
|
7 |
|a 316.7
|x Sociológia kultúry. Kultúrny život
|2 konspekt
|
| 080 |
|
|
|a 316.752
|2 2001
|
| 080 |
|
|
|a (048.8)
|2 2001
|
| 100 |
1 |
|
|a Brožík, Vladimír,
|d 1930-
|4 aut
|9 317163
|
| 245 |
1 |
0 |
|a Hodnotové orientácie
|c Vladimír Brožík
|
| 250 |
|
|
|a 2. rozš. a dopl. vyd.
|
| 260 |
|
|
|a Nitra-Polianka
|b Univerzita Konštantína Filozofa, Filozofická fakulta
|c 2007
|
| 300 |
|
|
|a 148 s.
|c 21 cm
|
| 366 |
|
|
|e 500 výt.
|
| 500 |
|
|
|a V tiráži a na obale knihy je nesprávne ISBN: 80-8050-958-1
|
| 504 |
|
|
|a Bibliogr. s. 147-148. Pozn.
|
| 650 |
0 |
7 |
|a hodnotová orientácia
|2 SNKPH
|9 1021
|
| 655 |
|
7 |
|a štúdie
|2 SNKPH
|9 57033
|
| 919 |
|
|
|a 978-80-8094-122-2
|
| 958 |
|
|
|a NB
|
| 968 |
|
|
|d 30/31
|
| 999 |
|
|
|c 570156
|d 572086
|
| 952 |
|
|
|a SNK
|b SNK
|y PREZ
|7 0
|p 17A0584474
|o snkSC 131420
|i snk2008/7572
|8 0
|0 0
|1 0
|4 0
|d 2008-04-03
|f 1
|l 0
|r 2025-06-23 00:00:00
|w 2026-02-23
|
| 952 |
|
|
|a SNK
|b SNK
|y VYP
|7 0
|p 17A0584475
|o snkSC 131420 D1
|i snk2008/7573
|8 0
|0 0
|1 0
|4 0
|d 2008-04-03
|l 0
|r 2026-02-23 14:12:38
|w 2026-02-23
|